Nr. 1 Hits in den USA 2015 - Statistiken

Allgemein
  • Dieses Quiz wurde 106 mal gespielt
  • Das Durchschnittsergebnis liegt bei 7 aus 9
Antwortstatistiken
Wochen auf Platz 1 Lied Interpret % Korrekt
10 Wochen Hello Adele
95%
14 Wochen Uptown Funk! Mark Ronson feat. Bruno Mars
91%
7 Wochen Blank Space Taylor Swift
84%
6 Wochen The Hills The Weeknd
79%
3 Wochen Can’t Feel My Face The Weeknd
79%
1 Woche What Do You Mean? Justin Bieber
77%
1 Woche Bad Blood Taylor Swift feat. Kendrick Lamar
76%
12 Wochen See You Again Wiz Khalifa feat. Charlie Puth
76%
6 Wochen Cheerleader Omi
57%
Keine übereinstimmenden Quizze gefunden
Verteilung der Resultate
Anzahl Personen mit jedem Resultat
Perzentil nach korrekt beantworteten Fragen
Ihre Resultats-Entwicklung
Sie haben dieses Quiz noch nicht gespielt